000 00362nam a2200133 i 4500
001 bg
245 0 _aDane i wskaźniki międzynarodowe /
_cCentralny Ośrodek Badawczo-Rozwojowy Przemysłu Betonów "CEBET".
260 _aWarszawa,
_c1981.
040 _cBPK
041 _apol
080 _a69.057:691
942 _cKS
008 s pl f |000 0 pol
999 _c20694
_d20694
856 _uhttp://koha.tu.koszalin.pl/cgi-bin/koha/opac-detail.pl?biblionumber=20694
_yKatalog online BPK